| 000 | 00886nam0a22002531 4500 | ||
|---|---|---|---|
| 001 | rc\3935654 | ||
| 005 | 20250610122909.0 | ||
| 035 | _a(NLR Aleph) 007900134 | ||
| 090 |
_a8032798 _c8032798 |
||
| 100 | _a20130415d1956 |||y0rusy50 ca | ||
| 101 | 0 | _arus | |
| 102 | _aRU | ||
| 105 | _ay z ||||| | ||
| 200 | 1 |
_aАкцепт как средство укрепления хозяйственного расчета _fМ-во высш. образования СССР. Моск. гос. экон. ин-т |
|
| 210 |
_aМосква _cБ. и. _d1956 |
||
| 215 |
_a70 с. _d20 |
||
| 606 |
_aБанки _xКредитно-расчетные операции _2psbo |
||
| 606 |
_aАкцент _2psbo |
||
| 700 | 1 |
_aГужкова _bР.В. _gРаиса Васильевна |
|
| 801 | 0 |
_aRU _bNLR _gpsbo |
|
| 801 | 1 |
_aRU _bELAR _2rusmarc |
|
| 852 |
_aNLR _jЭк64 Г-4/984 |
||
| 942 | _cBOOK | ||
| 980 | _aNB | ||